| 000 | 00669nam a22002177a 4500 | ||
|---|---|---|---|
| 005 | 20251108174524.0 | ||
| 008 | 250721s2005 xx 000 0 ara d | ||
| 082 | 1 | 4 | _aط/372.21/مزر |
| 100 | 1 | _aبومون، إميلي | |
| 245 | 1 | 0 | _aالمزرعة / |
| 264 | 1 |
_aبيروت : _bدارا لمجاني، _c2005. |
|
| 490 | 0 | _aمصور الأطفال | |
| 650 | 1 | 7 | _aالتعلم |
| 650 | 1 | 7 | _aالاطفال |
| 653 | _aاطفال ما قبل المدرسه (0-5) سنوات | ||
| 700 | 1 | _aبيلينو، ناتالي | |
| 700 | 1 | _aمكدجيان، كريستيل | |
| 700 | 1 |
_aبراسار، رينيه _eرسام |
|
| 942 |
_2ddc _cBK |
||
| 999 |
_c111331 _d111331 |
||